=LDR 00000nam 2200000 4500 =001 INLIS000000000048681 =005 20250519011811 =035 ##$$a 0010-121600000000067 =008 250519################g##########0#ind## =020 ##$$a 978-979-1486-76-7 =040 ##$$a NBPDMAT =082 ##$$a 658.3 =090 ##$$a 658.3$bEdy m =100 ##$$a Edy Sutrisno =245 1#$$a Manajemen sumber daya manusia /$c Edy Sutrino =250 ##$$a Cet. 8, Januari 2016 =260 ##$$a Jakarta :$b Prenada Media,$c 2009 =300 ##$$a x, 244 hlm. ; $c 23 cm =500 ##$$a Bibliografi : hlm 239 - 242 =650 #4$$a Manajemen Sumber Daya Manusia =850 ##$$a NBPDMAT =084 ##$$a 658.3 EDY m =990 ##$$a 21600855 =990 ##$$a 21600856 =990 ##$$a 21600857 =990 ##$$a 21600858 =990 ##$$a 21600859 =990 ##$$a 01201436220 =990 ##$$a 01201900697 =990 ##$$a 01201900697 =990 ##$$a 21600855 =990 ##$$a 21600856 =990 ##$$a 21600857 =990 ##$$a 21600858 =990 ##$$a 21600859 =990 ##$$a 01201436220